|
|
|
|
| LEADER |
04067nam a22004093i 4500 |
| 001 |
EBC31465779 |
| 003 |
MiAaPQ |
| 005 |
20240729202206.0 |
| 006 |
m o d | |
| 007 |
cr cnu|||||||| |
| 008 |
240729s2024 xx o ||||0 ger d |
| 020 |
|
|
|a 9783839468135
|q (electronic bk.)
|
| 020 |
|
|
|z 9783837668131
|
| 035 |
|
|
|a (MiAaPQ)EBC31465779
|
| 035 |
|
|
|a (Au-PeEL)EBL31465779
|
| 035 |
|
|
|a (OCoLC)1439003187
|
| 040 |
|
|
|a MiAaPQ
|b eng
|e rda
|e pn
|c MiAaPQ
|d MiAaPQ
|
| 100 |
1 |
|
|a Bartelmus, Martin.
|
| 245 |
1 |
0 |
|a Digitale Schriftlichkeit :
|b Programmieren, Prozessieren und Codieren Von Schrift.
|
| 250 |
|
|
|a 1st ed.
|
| 264 |
|
1 |
|a Bielefeld :
|b transcript Verlag,
|c 2024.
|
| 264 |
|
4 |
|c ©2024.
|
| 300 |
|
|
|a 1 online resource (255 pages)
|
| 336 |
|
|
|a text
|b txt
|2 rdacontent
|
| 337 |
|
|
|a computer
|b c
|2 rdamedia
|
| 338 |
|
|
|a online resource
|b cr
|2 rdacarrier
|
| 490 |
1 |
|
|a Literatur in der Digitalen Gesellschaft Series
|
| 505 |
0 |
|
|a Cover -- Inhalt -- Digitale Schriftlichkeit. Eine Einleitung -- 1. Programmieren: Mit Maschinen sprechen -- 2. Prozessieren: Eine andere Form des Lesens -- 3. Codieren: Vom einzelnen Zeichen zum Algorithmus -- 4. Die Beiträge -- Von ›bits‹ zu ›words‹ -- 1. Einleitung -- 2. Mechanisierung der Sprache -- 3. Elektrifizierung der Sprache -- 4. John von Neumanns linguistic turn -- 5. Protodigitale Schriftlichkeit -- (Elektrographisches) Schreiben als Praxis in Bild, Schrift und Material -- Maschinenschreiben zwischen Energeia und Ergon -- 1. Einleitung -- 2. Sprachdenken und Logik -- 3. Weltlichkeit und kognitive Semantik -- 4. Generative Individuation -- 5. Das Ergon Schrift -- 6. Maschinenschreiben als Energeia und die Prozessualität der Schrift -- 7. Kommunikative Subjektivation -- 8. Schlussbemerkungen -- Schreiben und Lesen als Mensch‑Maschine‑Kommunikation -- 1. Ausgangspunkt Maschine: Umberto Ecos Kommunikationsmodell -- 2. Wer schreibt, Wer liest? -- 3. Wer ist der Codespender/die Codespenderin? -- 4. Kommunikationsanlass und Funktion der Botschaft -- Romantische Maschinen oder: Ein Bericht für ein Literaturhaus -- 1. Populäre Romantik -- 2. Die Anfänge der Computerliteratur -- 3. Neue Frontstellungen -- 4. Der neue Maßstab der Kreativität -- 5. Der Computer als Aufklärungsmaschine -- 6. 1960 vs. 2020 -- 7. Neue Vertrauensverluste -- 8. Ein neuer Zauber -- 9. Romantische Maschinen -- "What the Heck is A Book"? -- 1. Introduction -- 2. Book, Encyclopedia and Hypertext -- 3. Encyclopedic Novels -- 4 Text Generation "in Paradigm" -- Transitorische Literatur -- 1. Transitorischer Charakter -- 2. Ebenen digitaler Schrift -- 3. Internet Archive -- 4. Archivobjekt und Rekonstruktion von Fassungen -- 5. Fazit -- Vernakulärer Code oder die Geister, die der Algorithmus rief - digitale Schriftlichkeit im Kontext sozialer Medienplattformen.
|
| 505 |
8 |
|
|a 1. Das Interface als Schwelle -- 2. Digitale Schriftlichkeit I: Hashtags -- 3. Digitale Schriftlichkeit II: Unsichtbarkeit -- 4. Fazit -- Humanities of the Digital -- 0. Einleitung -- 1. Die Sprache(n) der Medien -- 2. Computerphilologie -- 2.1 BASIC -- 2.2 Quellenlage -- 2.3 Sprachwissenschaftliche Perspektiven -- 2.4 Literaturwissenschaftliche Perspektiven -- 2.5 Bibliothekswissenschaftliche Perspektiven -- 3. Schluss: Paperware und Knowledge Preservation -- "I hope you can read this" -- 1. Why code? -- 2. Mermaids and Pits -- Autor:innen.
|
| 588 |
|
|
|a Description based on publisher supplied metadata and other sources.
|
| 590 |
|
|
|a Electronic reproduction. Ann Arbor, Michigan : ProQuest Ebook Central, 2024. Available via World Wide Web. Access may be limited to ProQuest Ebook Central affiliated libraries.
|
| 655 |
|
4 |
|a Electronic books.
|
| 700 |
1 |
|
|a Nebrig, Alexander.
|
| 776 |
0 |
8 |
|i Print version:
|a Bartelmus, Martin
|t Digitale Schriftlichkeit
|d Bielefeld : transcript Verlag,c2024
|z 9783837668131
|
| 797 |
2 |
|
|a ProQuest (Firm)
|
| 830 |
|
0 |
|a Literatur in der Digitalen Gesellschaft Series
|
| 856 |
4 |
0 |
|u https://ebookcentral.proquest.com/lib/matrademy/detail.action?docID=31465779
|z Click to View
|